Holenderska imigracja według państw - Statystyki

Ogólne statystyki
  • Ten quiz został rozwiązany 10 060 razy
  • Średni wynik to 12 z 19
Statystyki odpowiedzi
# mieszkańców Państwo
pochodzenia
% Poprawnych
349 284 Niemcy
98%
121 019 Belgia
96%
198 024 Polska
96%
48 926 Francja
93%
94 915 Wielka Brytania
88%
46 807 Stany Zjednoczone
86%
49 116 Hiszpania
84%
60 013 Włochy
75%
81 534 Chiny
72%
56 462 Indie
66%
416 864 Turcja
59%
356 029 Indonezja
53%
64 653 Irak
45%
47 797 Iran
44%
408 864 Maroko
44%
105 440 Syria
43%
50 403 Afganistan
30%
356 402 Surinam
30%
40 251 Somalia
15%
Nie znaleziono quizów pasujących do podanych kryteriów
Rozkład punktacji
Procent ludzi z każdym wynikiem
Percentyl według liczby udzielonych odpowiedzi
Twoja historia wyników
Nie rozwiązałeś tego quizu